| 000 | 00381 a2200169 4500 | ||
|---|---|---|---|
| 001 | 182473 | ||
| 020 | _a85-00-11213-1 | ||
| 040 | _cMagnum | ||
| 100 | _aSousa, Cruz e | ||
| 240 | 1 | 0 |
_aPoesias completas de Cruz e Sousa _lpor |
| 245 | 1 | 0 | _aPoesias completas de Cruz e Sousa |
| 300 | _a118 | ||
| 362 | 0 | _a1998 | |
| 440 | 1 | _aEdiouro | |
| 697 | _aLITERATURA GERAL | ||
| 942 | _cBK | ||
| 999 |
_c182473 _d182473 |
||